Score 0/22 Timer 04:00
0 Plays Today
Phrase Fill in the Blank % Correct
_____ PowersAustin (Texas)
96.9%
_____ HiltonParis (France)
89.9%
_____'s WebCharlotte (North Carolina)
89.8%
Sleepless in _____Seattle (Washington)
88.6%
Abraham _____Lincoln (Nebraska)
86%
_____ BorealisAurora (Colorado)
84.9%
_____ WingsBuffalo (New York)
72.1%
The _____ TalesCanterbury (England, UK)
68.6%
_____ SyndromeStockholm (Sweden)
67.6%
_____ MarketBoston (Massachusetts)
64.8%
_____ FogLondon (England, UK)
58.6%
Phrase Fill in the Blank % Correct
Walking in _____Memphis (Tennessee)
57.5%
_____ HomeMobile (Alabama)
56.2%
_____ and the MachineFlorence (Italy)
55.5%
Beef _____Wellington (New Zealand)
54.5%
_____ MustardDijon (France)
53.2%
Chicken _____Kiev (Ukraine)
45.6%
_____ PalinBristol (England, UK)
44.1%
Good Morning _____Baltimore (Maryland)
38%
_____ SausageVienna (Austria)
34.7%
_____ BluesBiloxi (Mississippi)
31%
_____ ProtocolKyoto (Japan)
29.4%

Today's Daily Dose

Remove Ads.
Support Sporcle.
Get the best of Sporcle when you Go Orange. This ad-free experience offers more features, more stats, and more fun while also helping to support Sporcle. Thank you for becoming a member.

You're not logged in!

Compare scores with friends on all Sporcle quizzes.
OR
Log In

Show Comments

Extras

Top Quizzes Today


Score Distribution

Your Account Isn't Verified!

In order to create a playlist on Sporcle, you need to verify the email address you used during registration. Go to your Sporcle Settings to finish the process.

Report this User

Report this user for behavior that violates our Community Guidelines.

Details: